000 00928nam a2200289 i 4500
001 000028825
003 DO-SdBNP
005 20251008082722.0
007 ta
008 110412s2000 dr 000 0 spa d
040 _aDO-SdBNP
_bspa
_cBNPHU
_erda
041 _aspa
082 _axxxx
_bR426in
_222
110 1 _aRepública Dominicana.
_bSecretaría de Estado de Educación y Cultura
_918697
245 1 0 _aInfraestructura física escolar :
_binforme de gestión 1996-2000. /
250 _aPrimera edición
264 1 _aSanto Domingo :
_bSEEC,
_bEditora de Colores,
_c2000.
300 _a55 páginas :
_bilustraciones ;
_c28 cm.
336 _atexto
_btxt
_2rdacontent
337 _asin mediación
_bn
_2rdamedia
338 _avolumen
_bnc
_2rdacarrier
490 1 _aSerie Gestión educativa
_v25
590 _aInventariado, 2025/ YL
830 0 _aGestión educativa
_n25
_955808
910 _aYLockward
942 _2ddc
_cLBS1
999 _c28317
_d28317